Barney Stinson Quotes Quiz Stats

 Plays Quiz not verified by Sporcle

Score 0/20 Timer 05:00
0 Plays Today
Quote Missing Words % Correct
It will be legend- wait for it... and I hope you're not lactose intolerant because the second half of that word is-____!dairy
98.8%
____ up.Suit
93.1%
Believe it or not, I was not always as ____ as I am today.awesome
91.9%
Think of me like Yoda, but instead of being little and green, I wear suits and I'm awesome. I'm your bro- I'm ____!Broda
86.9%
When I get sad, I stop being sad and be ____ instead.awesome
73.8%
In my body, where the shame gland should be, there is a second ____ gland. True story.awesome
64.4%
There are so many great things to do with the human mouth. Why waste it on ____?talking
51.9%
So you're pregnant? Huh, looks like nobody told your ____.boobs
45.6%
Here it is: Acrobats from Montreal. They're so flexible. We are gonna get Cirque-du-____-____.So-laid
39.4%
There are only two reasons to date a girl you've already dated: ____ ____.breast implants
27.5%
Quote Missing Words % Correct
I wish men could have children on their own, like ____.seahorses
27.5%
Come on, Lily, how many women can say that they've been personally serenaded by ____ ____.Korean Elvis
25%
At least when I run out on a girl, I ____ ____ ____ first. It's called manners.sleep with her
23.8%
You dumped a porn star? ____ ____.Friendship over
21.3%
So you had a drink thrown in your face. Happens to me all the time. Pretty soon you'll be able to anticipate it and when you do... ____ ____!free drink
20%
Come on, Ted, this is an incredible opportunity. We'll meet our soul mates, nail them and ____ ____ ____ ____.never see them again
16.3%
I'm gonna die alone. Ted's gonna be ____ ____ ____.eaten by cats
11.3%
Here's twenty for picking up a girl with only one word, and here's another twenty for that word being '____'.boner
10.6%
Plus, here's the mini-cherry on top of the regular cherry on top of the sundae of awesomeness that ____ ____.my life
10.6%
I'm taking the rest of my bonus to ____ ____ ____.God's strip club
3.8%

You're not logged in!

Compare scores with friends on all Sporcle quizzes.
OR
Log In

Show Comments

Extras

Top Quizzes Today


Score Distribution

Your Account Isn't Verified!

In order to create a playlist on Sporcle, you need to verify the email address you used during registration. Go to your Sporcle Settings to finish the process.

Report this User

Report this user for behavior that violates our Community Guidelines.

Details: